All Animated Disney Movies - Statistics

General Stats
  • This quiz has been taken 46 times
  • The average score is 52 of 99
Answer Stats
Hint Answer % Correct
1937 Snow White and the Seven Dwarfs
90%
2013 Frozen
87%
1989 The Little Mermaid
87%
1995 Toy Story
87%
1999 Toy Story 2
87%
1992 Aladdin
84%
1950 Cinderella
84%
2019 Frozen 2
84%
1998 Mulan
84%
2010 Toy Story 3
84%
2019 Toy story 4
84%
1959 Sleeping Beauty
81%
1941 Bambi
77%
2012 Brave
77%
2006 Cars
77%
1941 Dumbo
77%
2001 Monsters Inc
77%
1940 Pinocchio
77%
2010 Tangled
77%
1998 A Bugs life
74%
1961 A One Hundred and One Dalmatians
74%
1991 Beauty and the Beast
74%
2011 Cars 2
74%
2017 Cars 3
74%
2016 Moana
74%
1995 Pocahontas
74%
1955 Lady and the tramp
71%
2013 Monsters University
71%
1953 Peter Pan
71%
1970 The Aristocats
71%
1994 The Lion King
71%
1977 The Rescuers
71%
1951 Alice in Wonderland
68%
2003 Finding Nemo
68%
1967 The Jungle Book
68%
1977 The many adventures of Winnie the Pooh
68%
2011 Winnie the Pooh
68%
2012 Wreck-It Ralph
68%
1996 The Hunchback of Notre Dame
65%
2004 The Incredibles
65%
2017 Coco
61%
2016 Finding Dory
61%
1997 Hercules
61%
2002 Lilo & Stitch
61%
1973 Robin Hood
61%
1999 Tarzan
61%
2009 The Princess and the Frog
61%
2014 Big Hero 6
58%
2003 Brother Bear
58%
1988 Oliver & Company
58%
2018 Ralph Breaks the Internet
58%
1981 The Fox and the Hound
58%
2001 Atlantis: The Lost Empire
55%
2007 Ratatouille
52%
1985 The Black Cauldron
52%
1990 The Rescuers Down Under
52%
2009 Up
52%
2005 Chicken Little
48%
2015 Inside out
48%
2007 Meet the Robinsons
48%
2020 Onward
48%
2021 Raya and the Last Dragon
48%
2000 The Emperor's New Groove
48%
2015 The Good Dinosaur
48%
1986 The Great Mouse Detective
48%
2008 WALL-E
48%
2018 Incredibles 2
45%
2020 Soul
45%
1949 The Adventures of Ichabod and Mr. Toad
45%
1963 A sword in the stone
42%
2004 Home on the Range
42%
2016 Zootopia
42%
2008 Bolt
39%
2000 Dinosaur
39%
2002 Treasure Planet
39%
2013 Planes
35%
2000 The Tigger movie
35%
2003 Piglet's Big Movie
32%
1995 A Goofy movie
29%
1946 Make Mine Music
29%
2005 Pooh's Heffalump Movie
26%
2003 The Jungle Book 2
26%
2006 The Nightmare before Christmas
19%
2006 The Wild
19%
2009 Disney's A Christmas Carol
13%
2012 Frankenweenie
13%
2011 Mars Needs Moms
13%
2002 Spirited Away
10%
2004 Teacher's Pet
10%
2009 Ponyo
6%
2005 Valiant
6%
2012 Arjun: The Warrior Prince
3%
2005 Howl's Moving Castle
3%
2001 Recess: School's Out
3%
2012 The Secret World of Arrietty
3%
1999 Doug's 1st Movie
0%
1990 DuckTales the Movie: Treasure of the Lost Lamp
0%
2002 Peter Pan in Return to Neverland
0%
2010 Tales from Earthsea
0%
No matching quizzes found
Score Distribution
Percent of People with Each Score
Percentile by Number Answered
Your Score History
You have not taken this quiz